000 00386pam a2200157a 44500
008 230405s1988 xxu||||| |||| 00| 0 eng d
041 _aENG
100 _aDe Robertis E.D.P.
245 _aCell and Molecular Biology
250 _a8 Ed.
260 _a
_bInfo-Med Ltd.
_c1988
300 _a254p.
690 _aSR.COLLEGE REGULAR GRANT
700 _aDe Robertis E.M.F.
906 _a518
999 _c291861
_d291861